[Event "EU-ch 25th"]
[Site "Eforie Nord"]
[Date "2025.03.20"]
[Round "6"]
[White "Levitan, Ronit"]
[Black "Mosesov, Danylo"]
[Result "0-1"]
[WhiteElo "2106"]
[BlackElo "2462"]
[PlyCount "104"]
[EventDate "2025.03.15"]
[EventType "swiss"]
[EventRounds "11"]
[EventCountry "ROU"]
[SourceTitle "CB13_2025"]
[SourceDate "2025.03.26"]
[SourceVersion "1"]
[SourceVersionDate "2025.03.26"]
[SourceQuality "1"]

1. e4 d6 2. d4 Nf6 3. Nc3 g6 4. Nf3 Bg7 5. h3 0-0 6. Be3 a6 7. Be2 b5 8. e5 Nfd7 9. e6 fxe6 10. Ng5 Nf6 11. Bg4 Qe8 12. Bxe6+ Kh8 13. Bxc8 Qxc8 14. d5 c6 15. Ne6 b4 16. Nxf8 Qxf8 17. Ne2 Nxd5 18. Bd4 e5 19. Be3 Nxe3 20. fxe3 Nd7 21. Qd2 d5 22. a3 bxa3 23. Rxa3 Nc5 24. Ng3 Rb8 25. Qf2 Qxf2+ 26. Kxf2 Rxb2 27. Rc3 Rb5 28. e4 h5 29. Kf3 Kh7 30. Rd1 d4 31. Rc4 Bf8 32. Ne2 Rb7 33. Nxd4 exd4 34. Rdxd4 Ra7 35. Rd8 Be7 36. Re8 Ne6 37. Ke2 a5 38. Ra4 Nc5 39. Ra2 a4 40. Rc8 Nxe4 41. Rxc6 a3 42. Kd3 Nc5+ 43. Kc4 Nd7 44. Kd5 Bf8 45. c4 Ra5+ 46. Ke6 Nc5+ 47. Kf7 Bg7 48. g4 Nd3 49. Rb6 h4 50. Rb5 Ra7+ 51. Ke8 Ne5 52. c5 Nc6 0-1

[Event "EU-ch 25th"]
[Site "Eforie Nord"]
[Date "2025.03.17"]
[Round "3"]
[White "Mosesov, Danylo"]
[Black "Hryzlova, Sofiia"]
[Result "1-0"]
[WhiteElo "2462"]
[BlackElo "2258"]
[PlyCount "77"]
[EventDate "2025.03.15"]
[EventType "swiss"]
[EventRounds "11"]
[EventCountry "ROU"]
[SourceTitle "CB13_2025"]
[SourceDate "2025.03.26"]
[SourceVersion "1"]
[SourceVersionDate "2025.03.26"]
[SourceQuality "1"]

1. d4 Nf6 2. c4 e6 3. Nc3 d5 4. Nf3 c5 5. cxd5 cxd4 6. Qxd4 exd5 7. Bg5 Be7 8. e3 0-0 9. Be2 h6 10. Bh4 Nc6 11. Qd3 Qb6 12. 0-0 Rd8 13. Rfd1 Be6 14. a3 Rac8 15. b4 a6 16. h3 Qc7 17. Rac1 b5 18. Bf1 Ne8 19. Nxb5 axb5 20. Rxc6 Qxc6 21. Bxe7 Nd6 22. Bxd8 Rxd8 23. Nd4 Qa6 24. Nxe6 fxe6 25. Qg6 Nc4 26. Rd4 Ne5 27. Qg3 Nc6 28. Rg4 Rd7 29. Rg6 Nd8 30. Rxh6 Qxa3 31. Qg6 Re7 32. Bd3 Nf7 33. Rh4 Qa1+ 34. Kh2 Qe5+ 35. g3 Kf8 36. Rf4 Rc7 37. h4 Kg8 38. Qh7+ Kf8 39. Bg6 1-0

[Event "EU-ch 25th"]
[Site "Eforie Nord"]
[Date "2025.03.16"]
[Round "2"]
[White "Bluebaum, Matthias"]
[Black "Mosesov, Danylo"]
[Result "1-0"]
[WhiteElo "2643"]
[BlackElo "2462"]
[PlyCount "111"]
[EventDate "2025.03.15"]
[EventType "swiss"]
[EventRounds "11"]
[EventCountry "ROU"]
[SourceTitle "CB13_2025"]
[SourceDate "2025.03.26"]
[SourceVersion "1"]
[SourceVersionDate "2025.03.26"]
[SourceQuality "1"]

1. d4 Nf6 2. c4 e6 3. Nc3 Bb4 4. Nf3 b6 5. e3 Bb7 6. Bd3 0-0 7. 0-0 c5 8. Re1 d5 9. cxd5 exd5 10. a3 Bxc3 11. bxc3 Nc6 12. dxc5 bxc5 13. c4 dxc4 14. Bxc4 Na5 15. Ba2 Bd5 16. Qa4 Rb8 17. Bxd5 Nxd5 18. e4 Nc3 19. Qc2 Nb5 20. Bd2 Nd4 21. Nxd4 cxd4 22. Bb4 Re8 23. Qa4 Nc4 24. Bc5 Nd2 25. Bxd4 Re6 26. Bc3 Rc8 27. Bxd2 Qxd2 28. Rad1 Qf4 29. Qxa7 Rxe4 30. Qd7 Rf8 31. Rxe4 Qxe4 32. a4 h5 33. a5 Re8 34. h3 Re6 35. a6 Rg6 36. Qb7 Qe2 37. Rd8+ Kh7 38. a7 Qe1+ 39. Kh2 Qxf2 40. Rh8+ Kxh8 41. a8Q+ Kh7 42. Qf3 Qc5 43. Qxf7 Qe5+ 44. Kg1 Qe3+ 45. Qf2 Qxh3 46. Qd5 Qg4 47. Qf8 Re6 48. Qff5+ Qxf5 49. Qxf5+ Rg6 50. Qxh5+ Rh6 51. Qf5+ Kg8 52. g4 Rf6 53. Qd5+ Kh7 54. Kg2 Rf8 55. Qe4+ Kg8 56. g5 1-0

[Event "UKR-ch Rapid 92nd"]
[Site "Lvov"]
[Date "2024.12.23"]
[Round "9"]
[White "Oleksienko, Mikhailo"]
[Black "Mosesov, Danylo"]
[Result "1/2-1/2"]
[WhiteElo "2570"]
[BlackElo "2450"]
[PlyCount "57"]
[EventDate "2024.12.23"]
[EventType "swiss (rapid)"]
[EventRounds "9"]
[EventCountry "UKR"]
[SourceTitle "CB52_2024"]
[SourceDate "2024.12.25"]
[SourceVersion "1"]
[SourceVersionDate "2024.12.25"]
[SourceQuality "1"]

1. d4 Nf6 2. Nf3 e6 3. g3 b5 4. Bg2 Bb7 5. 0-0 c5 6. c3 Be7 7. Nbd2 0-0 8. a4 a6 9. dxc5 Bxc5 10. Nb3 Be7 11. Nfd4 Bxg2 12. Kxg2 bxa4 13. Rxa4 Qb6 14. Nf3 Nc6 15. Nbd4 d6 16. Ra2 Rfc8 17. Re1 Qb7 18. Nxc6 Rxc6 19. Qd3 h6 20. Bd2 Nd7 21. Be3 Ne5 22. Qc2 Nc4 23. Bc1 a5 24. Kg1 Rb8 25. Nd2 Nxd2 26. Bxd2 Rb6 27. Bc1 Qd5 28. Qa4 Bg5 29. e4 1/2-1/2

[Event "UKR-ch Rapid 92nd"]
[Site "Lvov"]
[Date "2024.12.23"]
[Round "6"]
[White "Sidorika, Vladislav"]
[Black "Mosesov, Danylo"]
[Result "0-1"]
[WhiteElo "2302"]
[BlackElo "2450"]
[PlyCount "108"]
[EventDate "2024.12.23"]
[EventType "swiss (rapid)"]
[EventRounds "9"]
[EventCountry "UKR"]
[SourceTitle "CB52_2024"]
[SourceDate "2024.12.25"]
[SourceVersion "1"]
[SourceVersionDate "2024.12.25"]
[SourceQuality "1"]

1. g3 Nf6 2. c4 e6 3. Bg2 d5 4. Nf3 dxc4 5. Qa4+ Nbd7 6. Qxc4 a6 7. Qc2 c5 8. 0-0 b6 9. d4 Bb7 10. Rd1 Rc8 11. Nc3 cxd4 12. Nxd4 Bxg2 13. Kxg2 Qc7 14. Qd3 b5 15. Bg5 Ne5 16. Qe3 Qb7+ 17. Nf3 Neg4 18. Qf4 h6 19. Bxf6 Nxf6 20. Rac1 Rc4 21. Qd2 Be7 22. b3 Rc7 23. Nb1 0-0 24. Rxc7 Qxc7 25. Rc1 Qb7 26. Kg1 Rd8 27. Qf4 Nd5 28. Qe4 Rc8 29. Rc2 Rxc2 30. Qxc2 Nb4 31. Qd2 Qc7 32. Nc3 Bf8 33. Kg2 Qb7 34. a3 Nc6 35. b4 Ne5 36. Qd4 Nc4 37. Ne4 Nxa3 38. Nc5 Qc8 39. Ne1 a5 40. Ned3 Nc2 41. Qf4 Nxb4 42. Nxb4 Qxc5 43. Nd3 Qd5+ 44. f3 a4 45. Ne5 f6 46. Ng6 Bd6 47. Qc1 Kh7 48. Nh4 a3 49. Qc2+ f5 50. e4 Qc4 51. Qd1 a2 52. exf5 Be5 53. f6 a1Q 54. Qd3+ Qxd3 0-1

[Event "UKR-ch Blitz 92nd"]
[Site "Lvov"]
[Date "2024.12.22"]
[Round "8"]
[White "Dubnevych, Maksym"]
[Black "Mosesov, Danylo"]
[Result "1-0"]
[WhiteElo "2280"]
[BlackElo "2450"]
[PlyCount "71"]
[EventDate "2024.12.22"]
[EventType "swiss (blitz)"]
[EventRounds "11"]
[EventCountry "UKR"]
[SourceTitle "CB52_2024"]
[SourceDate "2024.12.25"]
[SourceVersion "1"]
[SourceVersionDate "2024.12.25"]
[SourceQuality "1"]

1. Nc3 Nf6 2. e4 d5 3. e5 d4 4. Nce2 Ng4 5. f4 Nc6 6. Ng3 Nh6 7. Nf3 f6 8. Bb5 Qd5 9. Qe2 Bg4 10. 0-0 0-0-0 11. Bc4 Qc5 12. d3 fxe5 13. fxe5 Bxf3 14. Rxf3 Nxe5 15. Be6+ Kb8 16. Rf1 Nc6 17. Bf4 g6 18. b4 Qxb4 19. Rab1 Qa5 20. Qe4 Qc5 21. a4 a6 22. Be5 Nf5 23. Bxh8 Bh6 24. Bxf5 gxf5 25. Nxf5 Be3+ 26. Nxe3 dxe3 27. d4 Qc4 28. Be5 e2 29. Rfe1 Rd5 30. Qxe2 Qxa4 31. Qf3 Rb5 32. Rxb5 Qxb5 33. Qf4 Ka7 34. Bxc7 Qb4 35. Qf2 Ka8 36. d5 1-0

[Event "Morshyn Saint Charbel Cup Blitz 2nd"]
[Site "Morshyn"]
[Date "2024.10.07"]
[Round "7"]
[White "Mosesov, Danylo"]
[Black "Oleksienko, Mikhailo"]
[Result "0-1"]
[WhiteElo "2453"]
[BlackElo "2572"]
[PlyCount "86"]
[EventDate "2024.10.07"]
[EventType "tourn (blitz)"]
[EventRounds "9"]
[EventCountry "UKR"]
[EventCategory "6"]
[SourceTitle "CB43_2024"]
[Source "Chessbase"]
[SourceDate "2024.10.23"]
[SourceVersion "1"]
[SourceVersionDate "2024.10.23"]
[SourceQuality "1"]

1. Nf3 d5 2. g3 g6 3. Bg2 Bg7 4. c4 d4 5. 0-0 c5 6. e3 Nc6 7. exd4 cxd4 8. d3 Nf6 9. Re1 0-0 10. a3 a5 11. Nbd2 Bf5 12. Nh4 Bg4 13. Qc2 Rc8 14. h3 Bd7 15. Nhf3 Qc7 16. Rb1 Rfe8 17. b4 axb4 18. axb4 e5 19. b5 Na5 20. Ba3 b6 21. Ng5 Nb7 22. Nge4 Nxe4 23. Nxe4 h6 24. g4 Kh7 25. g5 Bf5 26. gxh6 Bxe4 27. Rxe4 Bxh6 28. Rbe1 Nc5 29. Bxc5 Qxc5 30. Rh4 Kg7 31. Bd5 Qxd5 32. Rxh6 Qd8 33. Qd2 Qf6 34. Re4 Ra8 35. Reh4 Qf3 36. Rh7+ Kf6 37. Qe1 Ra2 38. Re4 Rea8 39. Qf1 Ra1 40. Re1 Rxe1 41. Qxe1 Qxd3 42. Kh2 Ra2 43. Qg1 Qf3 0-1

[Event "Kiev All Ukranian 2nd"]
[Site "Kiev"]
[Date "2024.06.30"]
[Round "3"]
[White "Alexikov, Alexander"]
[Black "Mosesov, Danylo"]
[Result "0-1"]
[WhiteElo "2183"]
[BlackElo "2453"]
[PlyCount "68"]
[EventDate "2024.06.30"]
[EventType "swiss (rapid)"]
[EventRounds "9"]
[EventCountry "UKR"]
[SourceTitle "CBM 220 Extra"]
[Source "ChessBase"]
[SourceDate "2024.07.31"]
[SourceVersion "1"]
[SourceVersionDate "2024.07.31"]
[SourceQuality "1"]

1. e4 g6 2. d4 Bg7 3. Nc3 d6 4. Be3 Nf6 5. h3 a6 6. e5 Nfd7 7. f4 c5 8. Nf3 cxd4 9. Bxd4 0-0 10. exd6 Bxd4 11. Qxd4 Nc6 12. Qd2 exd6 13. 0-0-0 Nf6 14. Bc4 Na5 15. Bb3 Nxb3+ 16. axb3 b5 17. Rhf1 Bb7 18. Qxd6 Nh5 19. Qxd8 Raxd8 20. Rxd8 Rxd8 21. Ne1 Ng3 22. Rf2 b4 23. Na4 a5 24. Nd3 f5 25. Nac5 Bd5 26. c4 bxc3 27. bxc3 Rc8 28. c4 Ba8 29. Kb2 Rd8 30. Kc3 Be4 31. Rd2 Rc8 32. Kd4 Rd8+ 33. Ke3 Ne2 34. Kxe2 Bxg2 0-1

[Event "Kiev All Ukranian 2nd"]
[Site "Kiev"]
[Date "2024.06.30"]
[Round "9"]
[White "Andreev, Eduard"]
[Black "Mosesov, Danylo"]
[Result "1/2-1/2"]
[WhiteElo "2414"]
[BlackElo "2453"]
[PlyCount "24"]
[EventDate "2024.06.30"]
[EventType "swiss (rapid)"]
[EventRounds "9"]
[EventCountry "UKR"]
[SourceTitle "CBM 220 Extra"]
[Source "ChessBase"]
[SourceDate "2024.07.31"]
[SourceVersion "1"]
[SourceVersionDate "2024.07.31"]
[SourceQuality "1"]

1. e4 c5 2. Nf3 e6 3. d4 cxd4 4. Nxd4 Nc6 5. Nc3 Qc7 6. Be3 a6 7. Qd2 Nf6 8. f4 Bb4 9. Bd3 Na5 10. a3 Bxc3 11. Qxc3 Qxc3+ 12. bxc3 d5 1/2-1/2

[Event "Kiev All Ukranian 2nd"]
[Site "Kiev"]
[Date "2024.06.30"]
[Round "5"]
[White "Dyachuk, Artem"]
[Black "Mosesov, Danylo"]
[Result "1/2-1/2"]
[WhiteElo "2249"]
[BlackElo "2453"]
[PlyCount "86"]
[EventDate "2024.06.30"]
[EventType "swiss (rapid)"]
[EventRounds "9"]
[EventCountry "UKR"]
[SourceTitle "CBM 220 Extra"]
[Source "ChessBase"]
[SourceDate "2024.07.31"]
[SourceVersion "1"]
[SourceVersionDate "2024.07.31"]
[SourceQuality "1"]

1. e4 e5 2. Nf3 Nc6 3. Bb5 a6 4. Ba4 b5 5. Bb3 g6 6. a4 b4 7. c3 bxc3 8. bxc3 Bg7 9. 0-0 Nge7 10. d3 0-0 11. Nbd2 Rb8 12. Re1 h6 13. Nf1 d6 14. Ba3 Na5 15. Ba2 c5 16. Ne3 Kh7 17. d4 exd4 18. cxd4 cxd4 19. Nxd4 Bb7 20. Qd3 Qb6 21. Rad1 Rbd8 22. Nf3 Qa7 23. Bxd6 Nc8 24. Qa3 Nxd6 25. Rxd6 Bxe4 26. Nd5 Bxf3 27. Rxd8 Rxd8 28. Qxf3 Qb7 29. h4 Nc6 30. h5 Qb2 31. Qxf7 Ne5 32. Qe6 Rf8 33. Rf1 gxh5 34. Bb1+ Kh8 35. Ne7 Rf6 36. Qc8+ Rf8 37. Qe6 Rf6 38. Qc8+ Rf8 39. Qh3 Qb4 40. Nf5 Qg4 41. Qxg4 hxg4 42. Rc1 h5 43. Be4 Bf6 1/2-1/2

[Event "Titled Tuesday intern op 28th May Early"]
[Site "Chess.com INT"]
[Date "2024.05.28"]
[Round "10"]
[White "Mosesov, Danylo"]
[Black "Pein, Jonathan"]
[Result "1-0"]
[WhiteElo "2453"]
[BlackElo "2269"]
[PlyCount "151"]
[EventDate "2024.05.28"]
[EventType "swiss (blitz)"]
[EventRounds "11"]
[EventCountry "USA"]
[SourceTitle "EXT 2025"]
[Source "ChessBase"]
[SourceDate "2024.10.14"]
[SourceVersion "1"]
[SourceVersionDate "2024.10.14"]
[SourceQuality "1"]

1. Nf3 d6 2. d4 Nf6 3. b3 g6 4. Bb2 Bg7 5. g3 0-0 6. Bg2 Bf5 7. 0-0 Qd7 8. Nh4 Bh3 9. Bxb7 Bxf1 10. Qxf1 Nc6 11. Bxa8 Rxa8 12. Nd2 a5 13. a4 Nb4 14. Rc1 h5 15. e3 Rb8 16. Nc4 Ne4 17. f3 Ng5 18. Nxa5 Nh3+ 19. Kh1 g5 20. Ng2 Qf5 21. Nc4 d5 22. Nd2 Nxc2 23. e4 dxe4 24. Rxc2 exf3 25. Rc5 fxg2+ 26. Kxg2 Qg4 27. Qf3 Nf4+ 28. Kf2 Nh3+ 29. Kg2 Nf4+ 30. Kf2 Qxf3+ 31. Kxf3 Ne6 32. Rc4 g4+ 33. Ke2 c5 34. d5 Nd4+ 35. Bxd4 Bxd4 36. a5 Rb5 37. Ra4 Rb7 38. a6 Ra7 39. Nc4 Kf8 40. Kd3 Ke8 41. d6 exd6 42. Nxd6+ Kd7 43. Nb5 Ra8 44. Nxd4 cxd4 45. Kxd4 Kd6 46. b4 f5 47. b5 Kc7 48. Kc5 Re8 49. b6+ Kb8 50. Rd4 Rc8+ 51. Kb5 Re8 52. Rd7 Re5+ 53. Kc4 Re4+ 54. Kd5 Re8 55. Rf7 h4 56. Rxf5 hxg3 57. hxg3 Rd8+ 58. Kc6 Rc8+ 59. Kb5 Re8 60. Rg5 Ka8 61. Rxg4 Re5+ 62. Kb4 Re8 63. Rg6 Rb8 64. Ka5 Rf8 65. Rg5 Rc8 66. g4 Rd8 67. Rf5 Kb8 68. g5 Kc8 69. g6 Rd1 70. Rf8+ Kd7 71. b7 Ra1+ 72. Kb6 Rb1+ 73. Ka7 Ke7 74. b8Q Rb6 75. Qxb6 Kxf8 76. Qc7 1-0

[Event "Titled Tuesday intern op 23rd Jan Early"]
[Site "Chess.com INT"]
[Date "2024.01.23"]
[Round "5"]
[White "Kraus, Tomas"]
[Black "Mosesov, Danylo"]
[Result "1/2-1/2"]
[WhiteElo "2484"]
[BlackElo "2453"]
[PlyCount "119"]
[EventDate "2024.01.23"]
[EventType "swiss (blitz)"]
[EventRounds "11"]
[EventCountry "USA"]
[SourceTitle "EXT 2025"]
[Source "ChessBase"]
[SourceDate "2024.10.14"]
[SourceVersion "1"]
[SourceVersionDate "2024.10.14"]
[SourceQuality "1"]

1. e4 Nf6 2. e5 Nd5 3. c4 Nb6 4. d4 d6 5. f4 dxe5 6. fxe5 Nc6 7. Be3 Bf5 8. Nc3 e6 9. Nf3 Be7 10. Be2 0-0 11. 0-0 f6 12. Qd2 fxe5 13. dxe5 Qxd2 14. Bxd2 Nd7 15. Bf4 Bg4 16. Bg3 Bxf3 17. Bxf3 Ncxe5 18. Bxb7 Rab8 19. Rxf8+ Bxf8 20. Ba6 Rxb2 21. Re1 Bc5+ 22. Kh1 Nd3 23. Re2 Nb6 24. Rxb2 Nxb2 25. Bxc7 N2xc4 26. Nb5 Nd5 27. Bg3 Nb4 28. Bc8 Kf7 29. a3 Nd3 30. a4 e5 31. Bb7 Kf6 32. Nc7 Bf2 33. Ba6 Bxg3 34. Bxc4 Nf2+ 35. Kg1 Bh4 36. g3 Bxg3 37. hxg3 Ne4 38. Bd3 Nc5 39. a5 Nxd3 40. Nb5 e4 41. Nxa7 Nb4 42. Nb5 Ke5 43. Kf2 g5 44. Nc7 h5 45. a6 Nc6 46. Nb5 h4 47. gxh4 gxh4 48. a7 Nxa7 49. Nxa7 h3 50. Nc6+ Kf4 51. Nd4 e3+ 52. Kg1 Ke4 53. Ne2 Kd3 54. Nf4+ Ke4 55. Ne2 Kf3 56. Nd4+ Kg3 57. Kh1 Kf2 58. Kh2 e2 59. Nxe2 Kxe2 60. Kxh3 1/2-1/2